Normal view MARC view

Entry Topical Term

Number of records used in: 2

001 - CONTROL NUMBER

  • control field: 27862

003 - CONTROL NUMBER IDENTIFIER

  • control field: dpl

005 - DATE AND TIME OF LATEST TRANSACTION

  • control field: 20110509113343.0

008 - FIXED-LENGTH DATA ELEMENTS

  • fixed length control field: 110509|||a|||||| | ||| d

040 ## - CATALOGING SOURCE

  • Original cataloging agency: dpl
  • Transcribing agency: dpl

150 ## - HEADING--TOPICAL TERM

  • Topical term or geographic name as entry element: Sustainable development.
  • Geographic subdivision: India

670 ## - SOURCE DATA FOUND

  • Source citation: Work cat.: (dpl): 27787, Globalization and sustainable good governance :, 2010

670 ## - SOURCE DATA FOUND

  • Source citation: Work cat.: (dpl): 27787, Globalization and sustainable good governance :, 2010

© Delhi Public Library
Hit Counter
free hit counter